Blood Fever (Record no. 533687)
[ view plain ]
| 000 -LEADER | |
|---|---|
| fixed length control field | 00214nam a22001097a 4500 |
| 040 ## - CATALOGING SOURCE | |
| Transcribing agency | dlc |
| 082 ## - DEWEY DECIMAL CLASSIFICATION NUMBER | |
| Classification number | 823.914 |
| 100 ## - MAIN ENTRY--PERSONAL NAME | |
| Personal name | Charlie Higson |
| 9 (RLIN) | 27649 |
| 245 ## - TITLE STATEMENT | |
| Title | Blood Fever |
| 300 ## - PHYSICAL DESCRIPTION | |
| Extent | 372;p |
| 942 ## - ADDED ENTRY ELEMENTS (KOHA) | |
| Source of classification or shelving scheme | |
| Koha item type | Book |
| Withdrawn status | Lost status | Source of classification or shelving scheme | Damaged status | Not for loan | Permanent Location | Current Location | Date acquired | Total Checkouts | Total Renewals | Full call number | Barcode | Date last seen | Date last checked out | Price effective from | Koha item type |
|---|---|---|---|---|---|---|---|---|---|---|---|---|---|---|---|
| School of Civil and Environmental Engineering (SCEE) | School of Civil and Environmental Engineering (SCEE) | 01/16/2020 | 1 | 1 | 823.914 | NIT-9280 | 06/26/2023 | 03/02/2020 | 01/16/2020 | Book |
